000 00717nam a2200205 a 4500
001 000016633
005 20200929164935.0
008 100308s1985 dr a r 000 0 spa d
040 _aDO-SdBNP
_bspa
_cBNPHU
082 _a641.5944
_bM989c
100 1 _aMussier Medina, Marie-Thérese
_936940
245 1 0 _aCocina francesa para República Dominicana /
_cMarie-Thérese Mussier Medina.
260 _aSanto Domingo :
_bCENAPEC,
_c1985.
300 _a122 P. :
_bil. ;
_c24 cm.
590 _aInventariado, 2018/BT
650 4 _aCocina francesa
_936941
650 4 _aPreparación de alimentos
_9193
710 2 2 _aAcción Pro-Educación y Cultura (República Dominicana)
_97810
910 _aValidado. Control de calidad. MFF
999 _c16166
_d16166